000 00184 a2200097 4500
001 8114
100 _a
245 _aThe F A Book for Boys
260 _a
_bF A
_c
090 _c6515
_d6515
942 _aNUST-CAE
_cM
_c33062
999 _c243187
_d243187